Valuation of interest-sensitive financial instruments : SOA monograph M-FI96-1
Valuations of Interest-Sensitive Financial Instruments provides in-depth analysis of the development and underpinnings of models that are essential to the financial analyst or valuation actuary. Complete coverage includes: spot and forward interest rates, discrete- and continuous-time one-factor mod...
Gespeichert in:
| 1. Verfasser: | |
|---|---|
| Format: | Buch |
| Sprache: | Undetermined |
| Veröffentlicht: |
Illinois, U.S.A
Society of Actuaries Schaumbug
1996
|
| Schlagworte: | |
| Tags: |
Tag hinzufügen
Keine Tags, Fügen Sie den ersten Tag hinzu!
|
| Thư viện lưu trữ: | Trung tâm Học liệu Trường Đại học Cần Thơ |
|---|
| LEADER | 01039nam a2200217Ia 4500 | ||
|---|---|---|---|
| 001 | CTU_163205 | ||
| 008 | 210402s9999 xx 000 0 und d | ||
| 020 | |c 43.76 | ||
| 082 | |a 332.632 | ||
| 082 | |b B112 | ||
| 100 | |a Babbel, David F. | ||
| 245 | 0 | |a Valuation of interest-sensitive financial instruments : | |
| 245 | 0 | |b SOA monograph M-FI96-1 | |
| 245 | 0 | |c David F. Babbel, Craig B. Merrill | |
| 260 | |a Illinois, U.S.A | ||
| 260 | |b Society of Actuaries Schaumbug | ||
| 260 | |c 1996 | ||
| 520 | |a Valuations of Interest-Sensitive Financial Instruments provides in-depth analysis of the development and underpinnings of models that are essential to the financial analyst or valuation actuary. Complete coverage includes: spot and forward interest rates, discrete- and continuous-time one-factor models, multi-factor discrete- and continuous-time models, and simulation approaches. | ||
| 650 | |a Financial instruments,Công cụ tài chính | ||
| 904 | |i Bạch Trúc | ||
| 980 | |a Trung tâm Học liệu Trường Đại học Cần Thơ | ||